| 000 | 00660nam a2200193 i 4500 | ||
|---|---|---|---|
| 001 | 134681 | ||
| 003 | ES-MaACL | ||
| 005 | 20250827021539.0 | ||
| 007 | t| | ||
| 008 | 070912s1966 sp ||||1| spa d | ||
| 100 | 1 |
_aWeil, Prosper. _9116334 |
|
| 245 | 1 | 3 |
_aEl derecho administrativo / _cProsper Weil ; con una nota preliminar de Lorenzo Martín Retortillo ; traducción de Luis Rodríguez Zúñiga. |
| 260 |
_a[Madrid : _bTaurus, _c1966] |
||
| 300 |
_a128 p. ; _c19 cm. |
||
| 700 | 1 |
_aMartín-Retortillo Baquer, Lorenzo, _d1936- _977628 |
|
| 700 | 0 |
_aRodríguez Zúñiga, Luis. _998883 |
|
| 852 |
_aES-MaACL _jC-31917 _bR.62519 |
||
| 999 |
_c134681 _d134681 |
||